Islamic Banking in Pakistan (Record no. 346493)
[ view plain ]
| 000 -LEADER | |
|---|---|
| fixed length control field | 00392 a2200133 4500 |
| 082 ## - DEWEY DECIMAL CLASSIFICATION NUMBER | |
| Classification number | 332.101 |
| 090 ## - LOCALLY ASSIGNED LC-TYPE CALL NUMBER (OCLC); LOCAL CALL NUMBER (RLIN) | |
| -- | 4034 |
| -- | 4034 |
| 100 ## - MAIN ENTRY--PERSONAL NAME | |
| Personal name | Muhammad Akram Khan |
| 245 ## - TITLE STATEMENT | |
| Title | Islamic Banking in Pakistan |
| Remainder of title | The Future Path |
| Statement of responsibility, etc. | Muhammad Akram Khan |
| 250 ## - EDITION STATEMENT | |
| Edition statement | 2nd Ed. |
| 260 ## - PUBLICATION, DISTRIBUTION, ETC. | |
| Place of publication, distribution, etc. | Lahore, Pakistan |
| Name of publisher, distributor, etc. | All Pakistan Islamic Education Congress |
| Date of publication, distribution, etc. | 1994 |
| 500 ## - GENERAL NOTE | |
| General note | hardback |
| 942 ## - ADDED ENTRY ELEMENTS (KOHA) | |
| Institution code [OBSOLETE] | NBS |
| Koha item type | Book |
| Call number prefix | 332.101 KHA |
| Withdrawn status | Lost status | Damaged status | Not for loan | Permanent Location | Current Location | Date acquired | Total Checkouts | Full call number | Barcode | Date last seen | Date last checked out | Price effective from | Koha item type |
|---|---|---|---|---|---|---|---|---|---|---|---|---|---|
| Central Library (CL) | Central Library (CL) | 08/28/2013 | 1 | 332.101 KHA | NBS4613 | 11/22/2017 | 07/31/2017 | 08/28/2013 | Book |
